000 00494nam a22001697a 4500
999 _c9134
_d9134
008 210325b ||||| |||| 00| 0 eng d
040 _aBMS College of Architecture
100 _aR, Harsha
245 _aGolden bean retreat Mudigere
300 _aNA
500 _a1BM0AT011
502 _8B.Arch
_NBMS College of Architecture, Visvesvaraya Technological University
_aProject report
_d2010
650 _aMudigere
700 _aK Manjula
_eGuide
700 _aPushpa D
_eGuide
942 _2ddc
_cTHE